Identifikácia rastu lítiového dendritu v li-ión batériách prostredníctvom nedeštruktívnych elektrických metód

Saved in:
Bibliographic Details
Main Author: Bajla, Boris (Author)
Other Authors: Mikolášek, Miroslav (Thesis advisor)
Format: Manuscript Book
Language:Slovak
Published: Bratislava : STU v Bratislave FEI, 2023
Subjects:
Online Access:https://opac.crzp.sk/?fn=detailBiblioFormChildMMTCK&sid=925BFB95FAA30F229F95C7019F0C&seo=CRZP-detail-kniha
Tags: Add Tag
No Tags, Be the first to tag this record!

MARC

LEADER 00000ntm a22000003a 4500
001 stuzp91921
003 SK-STU
005 20241114130926.4
007 ta
008 150427s2015----xo-----f-mn---000-0-slo-d
040 |a STU  |b slo 
041 0 |a slo 
044 |a xo 
100 1 |a Bajla, Boris  |u 033000  |4 aut  |U FEI Fakulta elektrotechniky a informatiky  |T FEI Ústav elektroniky a fotoniky  |X 111063  |U E030  |Y 549  |7 111063 
242 0 1 |a Identification of lithium dendrite growth in li-ion batteries by non-destructive electrical methods  |y eng 
245 1 0 |a Identifikácia rastu lítiového dendritu v li-ión batériách prostredníctvom nedeštruktívnych elektrických metód 
260 |a Bratislava :  |b STU v Bratislave FEI,  |c 2023 
300 |a 59 s. 
650 4 |a li-ión batéria  |2 slo 
650 4 |a metódy detekcie  |2 slo 
650 4 |a rast lítiového dendritu  |2 slo 
650 4 |a li-ion battery  |2 eng 
650 4 |a lithium dendrite growth  |2 eng 
650 4 |a li-plating  |2 eng 
700 1 |a Mikolášek, Miroslav  |u 033000  |k Z1  |4 ths  |U FEI Fakulta elektrotechniky a informatiky  |T FEI Ústav elektroniky a fotoniky  |X 27049  |U E030  |Y 549  |7 A000027049 
856 4 |u https://opac.crzp.sk/?fn=detailBiblioFormChildMMTCK&sid=925BFB95FAA30F229F95C7019F0C&seo=CRZP-detail-kniha